000 00549 a2200193 4500
005 20260121105302.0
008 260119b |||||||| |||| 00| 0 eng d
020 _a9789391854850
_cRs. 1995.00
040 _aMAIN
082 _a304.209
_bB53E
100 _aBirajdar, Bhimashankar
245 _aEnvironmental and ecological history: A multidisciplinary approach
260 _bStudera Press
_c2026
_aNew Delhi
300 _axxiii, 228
650 _aHuman Ecology
650 _aHistorical Treatment
650 _aSocial Behavior
942 _cBK
999 _c394964
_d394964